LEADER 00875nam0-22003131i-450- 001 990003022830403321 035 $a000302283 035 $aFED01000302283 035 $a(Aleph)000302283FED01 035 $a000302283 100 $a20000920d1966----km-y0itay50------ba 101 0 $aita 102 $aIT 200 1 $aCapital Sources in the United Kingdom$eA Directory$fEdited by William C. Hanson and Fang W. Wang. 210 $aNew York$cSimmons-Boardman$d1966. 215 $a164 p.$d29 cm 610 0 $aCredito industriale 676 $aF/1.402 676 $aJ/2.33 702 1$aHanson,$bWilliam C. 702 1$aWang,$bFang Wen 801 0$aIT$bUNINA$gRICA$2UNIMARC 901 $aBK 912 $a990003022830403321 952 $aJ/2.33 HAN$b683/I$fSES 959 $aSES 996 $aCapital Sources in the United Kingdom$9467105 997 $aUNINA DB $aING01 LEADER 00984nam0-22003371i-450- 001 990008002600403321 005 20050210122817.0 010 $a88-205-0004-3 020 $aIT$b80244 035 $a000800260 035 $aFED01000800260 035 $a(Aleph)000800260FED01 035 $a000800260 100 $a20050210d1978----km-y0itay50------ba 101 0 $aita 102 $aIT 105 $ay-------001yy 200 1 $aAspetti del fenomeno processuale nell'esperienza giuridica romana$fArnaldo Biscardi 205 $a2. ed 210 $aMilano$cCisalpino-Goliardica$d1978 215 $a336 p.$d24 cm 676 $a340.54$v18$zita 676 $a347.3707$v19$zita 700 1$aBiscardi,$bArnaldo$4070$0205114 801 0$aIT$bUNINA$gRICA$2UNIMARC 901 $aBK 912 $a990008002600403321 952 $aDDR-XV A 015.2$b1151 ddr$fDDR$m21-3871 959 $aDDR 996 $aAspetti del fenomeno processuale nell'esperienza giuridica romana$9749533 997 $aUNINA